Kabale University Library Catalogue

Elementary linear algebra / (Record no. 5958)

MARC details
000 -LEADER
fixed length control field 01185cam a2200253 i 4500
005 - DATE AND TIME OF LATEST TRANSACTION
control field 20260203114936.0
008 - FIXED-LENGTH DATA ELEMENTS--GENERAL INFORMATION
fixed length control field 130816t20132013njua 001 0 eng
020 ## - INTERNATIONAL STANDARD BOOK NUMBER
International Standard Book Number 9781394378722
040 ## - CATALOGING SOURCE
Original cataloging agency kablib
Language of cataloging eng
Transcribing agency kablib
Description conventions rda
Modifying agency kablib
082 00 - DEWEY DECIMAL CLASSIFICATION NUMBER
Classification number 512.5
Edition number 23
Item number ANT
100 1# - MAIN ENTRY--PERSONAL NAME
Personal name Anton, Howard,
Relator term author.
9 (RLIN) 15032
245 10 - TITLE STATEMENT
Title Elementary linear algebra /
Statement of responsibility, etc. Howard Anton, Professor Emeritus, Drexel University.
250 ## - EDITION STATEMENT
Edition statement 12th edition.
264 #1 - PRODUCTION, PUBLICATION, DISTRIBUTION, MANUFACTURE, AND COPYRIGHT NOTICE
Place of production, publication, distribution, manufacture Hoboken, NJ :
Name of producer, publisher, distributor, manufacturer Wiley,
Date of production, publication, distribution, manufacture, or copyright notice 2025
264 #4 - PRODUCTION, PUBLICATION, DISTRIBUTION, MANUFACTURE, AND COPYRIGHT NOTICE
Date of production, publication, distribution, manufacture, or copyright notice 2025
300 ## - PHYSICAL DESCRIPTION
Extent IX, 735p.
Other physical details illustrations ;
Dimensions 28 cm
500 ## - GENERAL NOTE
General note Includes index.
500 ## - GENERAL NOTE
General note includes appendix
505 0# - FORMATTED CONTENTS NOTE
Formatted contents note 1. Systems of linear equations and matrices --2. Determinants --3. Euclidian vector spaces --4. General vector spaces -- 5. Eignvalues and eigenvectors -- 6. Inner product spaces -- 7. Diagonolization and quadratic forms -- 8. General linear transformations -- 9. Numerical methods.
650 #0 - SUBJECT ADDED ENTRY--TOPICAL TERM
Topical term or geographic name entry element Algebras, Linear
Form subdivision Textbooks.
9 (RLIN) 15033
776 08 - ADDITIONAL PHYSICAL FORM ENTRY
Relationship information Online version:
Main entry heading Anton, Howard, author.
Title Elementary linear algebra
Edition 12th edition.
Place, publisher, and date of publication Hoboken, NJ : John Wiley & Sons Inc., [2013]
906 ## - LOCAL DATA ELEMENT F, LDF (RLIN)
a 7
b cbc
c orignew
d 1
e ecip
f 20
g y-gencatlg
942 ## - ADDED ENTRY ELEMENTS (KOHA)
Source of classification or shelving scheme Dewey Decimal Classification
Koha item type Book
Edition 12
Holdings
Withdrawn status Lost status Source of classification or shelving scheme Damaged status Not for loan Home library Current library Shelving location Date acquired Source of acquisition Total Checkouts Full call number Barcode Date last seen Price effective from Koha item type
    Dewey Decimal Classification     Mukombe Library Mukombe Library Open Access Section 03.02.2026 Purchased   512.5 ANT 14032 03.02.2026 03.02.2026 Book
    Dewey Decimal Classification     Mukombe Library Mukombe Library Open Access Section 03.02.2026 Purchased   512.5 ANT 14033 03.02.2026 03.02.2026 Book
    Dewey Decimal Classification     Education Library Education Library Open Access Section 03.03.2026 Purchased   512.5 ANT 14676 03.03.2026 03.03.2026 Book
    Dewey Decimal Classification     Education Library Education Library Reserve Section 03.03.2026 Purchased   512.5 ANT 14677 03.03.2026 03.03.2026 Book

Kabale University Library | Kabale University P.O Box 317, Kabale, Uganda
Tel : +256754017033, +256774661503 E-mail : library@kab.ac.ug